000 00642nam a22001937a 4500
999 _c60558
_d60558
005 20230823162107.0
008 230823s1975 enk||||| |||| 00| 0 eng d
020 _a9602130520
041 _aeng
080 _a069.2:7 A-54
100 _a Andronicos, Manolis
_919706
245 _aThe Greek Museums /
_cAndronicos, Manolis; Chatzidakis, Manolis; Karageorghis, Vassos.
264 _c1975.
300 _a418 p. :
_bill.;
_c33 cm.
653 _aბერძნული მუზეუმები
700 _aChatzidakis, Manolis
_eავტორი
_919707
700 _aKarageorghis, Vassos
_eავტორი
_919708
942 _2udc
_cBK